[Event "Panevezys op"]
[Site "Panevezys"]
[Date "2023.08.18"]
[Round "1"]
[White "Rauk, Tonu"]
[Black "Apine, Emilija"]
[Result "1-0"]
[WhiteElo "2108"]
[BlackElo "1385"]
[PlyCount "59"]
[EventDate "2023.08.18"]
[EventType "swiss"]
[EventRounds "7"]
[EventCountry "LTU"]
[SourceTitle "EXT 2024"]
[Source "ChessBase"]
[SourceDate "2023.10.10"]
[SourceVersion "1"]
[SourceVersionDate "2023.10.10"]
[SourceQuality "1"]

1. d4 Nf6 2. Nf3 e6 3. c4 d5 4. g3 Be7 5. Bg2 0-0 6. 0-0 Nbd7 7. Qc2 b6 8. cxd5 exd5 9. Qc6 Ba6 10. Nc3 Bb4 11. Qa4 Bxc3 12. Qxa6 Ba5 13. Bf4 Re8 14. Rfd1 c5 15. Ne5 c4 16. Bh3 Nxe5 17. dxe5 Nh5 18. Bg2 Nxf4 19. gxf4 Qh4 20. Bxd5 Rad8 21. Qxc4 Rc8 22. Qe4 b5 23. Rac1 Bb6 24. Bxf7+ Kxf7 25. Qf5+ Kg8 26. Rxc8 Qxf2+ 27. Kh1 Rxc8 28. Qe6+ Kf8 29. Qxc8+ Kf7 30. Qf5+ 1-0

[Event "Keres Memorial rap 29th"]
[Site "Tallinn"]
[Date "2020.01.11"]
[Round "4"]
[White "Turov, Maxim"]
[Black "Rauk, Tonu"]
[Result "1-0"]
[WhiteElo "2567"]
[BlackElo "2135"]
[PlyCount "31"]
[EventDate "2020.01.11"]
[EventType "swiss (rapid)"]
[EventRounds "11"]
[EventCountry "EST"]
[SourceTitle "CBM 194 Extra"]
[Source "ChessBase"]
[SourceDate "2020.03.31"]
[SourceVersion "1"]
[SourceVersionDate "2020.03.31"]
[SourceQuality "1"]

1. d4 Nf6 2. Nf3 e6 3. c4 b6 4. g3 Ba6 5. Qa4 Be7 6. Bg2 0-0 7. 0-0 Bb7 8. Nc3 d5 9. cxd5 exd5 10. Ne5 a6 11. Rd1 Re8 12. Bg5 h6 13. Bxf6 Bxf6 14. Nxd5 Bxe5 15. dxe5 Qc8 16. Nf6+ 1-0

[Event "Puhajarve rap op 18th"]
[Site "Puhajarve"]
[Date "2017.11.24"]
[Round "8"]
[White "Kiik, Kalle"]
[Black "Rauk, Tonu"]
[Result "1-0"]
[WhiteElo "2411"]
[BlackElo "2157"]
[PlyCount "53"]
[EventDate "2017.11.24"]
[EventType "tourn (rapid)"]
[EventRounds "35"]
[EventCountry "EST"]
[SourceTitle "CBM 181 Extra"]
[Source "ChessBase"]
[SourceDate "2017.12.12"]
[SourceVersion "1"]
[SourceVersionDate "2017.12.12"]
[SourceQuality "1"]

1. e4 c5 2. c3 Nf6 3. e5 Nd5 4. Nf3 e6 5. d4 cxd4 6. cxd4 d6 7. a3 Nc6 8. Bd3 Be7 9. 0-0 0-0 10. Qc2 h6 11. Qe2 Bd7 12. Nc3 Nxc3 13. bxc3 d5 14. Bc2 h5 15. Qd3 g6 16. Bh6 Re8 17. h3 Bf8 18. Qd2 Bg7 19. g4 hxg4 20. hxg4 Ne7 21. Kg2 Kf8 22. Bxg7+ Kxg7 23. Rh1 Ng8 24. Ng5 Re7 25. Qf4 Be8 26. Nh7 Rc7 27. Nf6 1-0

[Event "Puhajarve rap op 14th"]
[Site "Puhajarve"]
[Date "2013.12.01"]
[Round "30"]
[White "Rauk, Tonu"]
[Black "Seeman, Tarvo"]
[Result "1/2-1/2"]
[WhiteElo "2207"]
[BlackElo "2382"]
[PlyCount "55"]
[EventDate "2013.11.29"]
[EventType "tourn (rapid)"]
[EventRounds "35"]
[EventCountry "EST"]
[SourceTitle "CBM 157 Extra"]
[Source "ChessBase"]
[SourceDate "2013.12.19"]
[SourceVersion "1"]
[SourceVersionDate "2013.12.19"]
[SourceQuality "1"]

1. d4 Nf6 2. Nf3 g6 3. c4 Bg7 4. Nc3 d6 5. h3 0-0 6. Bf4 a6 7. e3 c5 8. Be2 Nbd7 9. 0-0 b6 10. d5 b5 11. cxb5 axb5 12. Bxb5 Ba6 13. Bxa6 Rxa6 14. Qd3 Qa8 15. Bh2 Nb6 16. e4 Na4 17. Qc2 Rb8 18. Nxa4 Rxa4 19. e5 Nxd5 20. exd6 exd6 21. Bxd6 Rxb2 22. Qxc5 Ra5 23. Qc4 Ra4 24. Qc5 Ra5 25. Qc4 Ra4 26. Qc5 Ra5 27. Qc4 Ra4 28. Qc5 1/2-1/2

[Event "Puhajarve rap op 14th"]
[Site "Puhajarve"]
[Date "2013.11.30"]
[Round "26"]
[White "Rauk, Tonu"]
[Black "Ladva, Ottomar"]
[Result "0-1"]
[WhiteElo "2207"]
[BlackElo "2335"]
[PlyCount "44"]
[EventDate "2013.11.29"]
[EventType "tourn (rapid)"]
[EventRounds "35"]
[EventCountry "EST"]
[SourceTitle "CBM 157 Extra"]
[Source "ChessBase"]
[SourceDate "2013.12.19"]
[SourceVersion "1"]
[SourceVersionDate "2013.12.19"]
[SourceQuality "1"]

1. d4 d5 2. c4 e6 3. Nf3 Nf6 4. g3 Bb4+ 5. Bd2 Be7 6. Qc2 0-0 7. Bg2 c6 8. 0-0 b6 9. Bf4 Ba6 10. Nbd2 Nbd7 11. Rfc1 Rc8 12. Qa4 Bxc4 13. Nxc4 b5 14. Qc2 bxc4 15. b3 c5 16. bxc4 cxd4 17. Qb3 Nc5 18. Qd1 dxc4 19. Rxc4 d3 20. Rd4 dxe2 21. Qxe2 Qa5 22. Nd2 Qc3 0-1

[Event "Tallinn CSIT 2nd"]
[Site "Tallinn"]
[Date "2010.07.06"]
[Round "5.3"]
[White "Rauk, Tonu"]
[Black "Shteinberg, Vladimir"]
[Result "1-0"]
[WhiteElo "2194"]
[BlackElo "2190"]
[PlyCount "59"]
[EventDate "2010.07.03"]
[EventType "team-tourn"]
[EventRounds "6"]
[EventCountry "EST"]
[SourceTitle "EXT 2011"]
[Source "ChessBase"]
[SourceDate "2010.11.26"]
[SourceVersion "1"]
[SourceVersionDate "2010.11.26"]
[SourceQuality "1"]
[WhiteTeam "Kalev"]
[BlackTeam "Hapoel"]
[WhiteTeamCountry "EST"]
[BlackTeamCountry "ISR"]

1. d4 Nf6 2. Nf3 e6 3. c4 Bb4+ 4. Bd2 c5 5. Bxb4 cxb4 6. Nbd2 0-0 7. g3 b6 8. Bg2 Bb7 9. 0-0 d6 10. Qb3 a5 11. a3 Na6 12. Rfd1 Qc7 13. Rac1 Rac8 14. axb4 Nxb4 15. Ne1 Bxg2 16. Kxg2 e5 17. Nd3 Nc6 18. dxe5 Nd4 19. Qa3 dxe5 20. e3 Qc6+ 21. f3 Nxf3 22. Nxf3 Ng4 23. Nf2 Nxh2 24. e4 Nxf3 25. Qxf3 Qa4 26. Rd5 Rfe8 27. b3 Qc6 28. Ng4 Re6 29. Rxe5 h5 30. Rxh5 1-0

[Event "Tallinn CSIT 2nd"]
[Site "Tallinn"]
[Date "2010.07.05"]
[Round "4.3"]
[White "Tuomala, Tapio"]
[Black "Rauk, Tonu"]
[Result "1/2-1/2"]
[WhiteElo "2190"]
[BlackElo "2194"]
[PlyCount "57"]
[EventDate "2010.07.03"]
[EventType "team-tourn"]
[EventRounds "6"]
[EventCountry "EST"]
[SourceTitle "EXT 2011"]
[Source "ChessBase"]
[SourceDate "2010.11.26"]
[SourceVersion "1"]
[SourceVersionDate "2010.11.26"]
[SourceQuality "1"]
[WhiteTeam "Finland Workers"]
[BlackTeam "Kalev"]
[WhiteTeamCountry "FIN"]
[BlackTeamCountry "EST"]

1. e4 c5 2. Nf3 e6 3. d4 cxd4 4. Nxd4 a6 5. c4 Nf6 6. Bd3 d6 7. 0-0 Bd7 8. Nc3 Nc6 9. Bc2 Nxd4 10. Qxd4 Qc7 11. Na4 Bc6 12. Nb6 Rd8 13. Bg5 Be7 14. Kh1 h6 15. Bd2 Bxe4 16. Bxe4 Nxe4 17. Qxe4 Qxb6 18. Bc3 0-0 19. Qg4 e5 20. f4 Bf6 21. Rf3 Qc6 22. fxe5 Bxe5 23. Rd1 Qc8 24. Qh4 Bxc3 25. Rxc3 Qf5 26. Rcd3 Rde8 27. Rd5 Qc2 28. R5d2 Qf5 29. Rd5 1/2-1/2

[Event "Tallinn-ch final"]
[Site "Tallinn"]
[Date "2009.12.12"]
[Round "2"]
[White "Rauk, Tonu"]
[Black "Valner, Uku"]
[Result "1/2-1/2"]
[WhiteElo "2210"]
[BlackElo "2190"]
[PlyCount "36"]
[EventDate "2009.12.11"]
[EventType "tourn"]
[EventRounds "9"]
[EventCountry "EST"]
[SourceTitle "EXT 2011"]
[Source "ChessBase"]
[SourceDate "2010.11.26"]
[SourceVersion "1"]
[SourceVersionDate "2010.11.26"]
[SourceQuality "1"]

1. d4 d5 2. Nf3 Nf6 3. c4 c6 4. Nc3 e6 5. e3 Be7 6. Bd3 0-0 7. e4 dxe4 8. Nxe4 Nxe4 9. Bxe4 Nd7 10. 0-0 c5 11. dxc5 Nxc5 12. Bc2 a5 13. Be3 b6 14. Qe2 Bb7 15. Nd4 Qc7 16. Rad1 Rad8 17. f3 Bf6 18. b3 Be5 1/2-1/2

[Event "Tallinn-ch final"]
[Site "Tallinn"]
[Date "2009.12.11"]
[Round "1"]
[White "Rauk, Tonu"]
[Black "Haitin, Ilja"]
[Result "0-1"]
[WhiteElo "2210"]
[BlackElo "2224"]
[PlyCount "135"]
[EventDate "2009.12.11"]
[EventType "tourn"]
[EventRounds "9"]
[EventCountry "EST"]
[SourceTitle "EXT 2011"]
[Source "ChessBase"]
[SourceDate "2010.11.26"]
[SourceVersion "1"]
[SourceVersionDate "2010.11.26"]
[SourceQuality "1"]

1. d4 d5 2. Nf3 Nf6 3. c4 dxc4 4. e3 e6 5. Bxc4 a6 6. a4 c5 7. 0-0 Nc6 8. Qe2 Qc7 9. Nc3 Bd6 10. h3 0-0 11. Rd1 b6 12. dxc5 bxc5 13. e4 Ne5 14. Bg5 Nxf3+ 15. Qxf3 Be5 16. Rac1 Rb8 17. Rc2 Bb7 18. Bxf6 Bxf6 19. Qe2 Qc6 20. f3 Qc7 21. Qf1 Rbd8 22. Rcd2 Rd4 23. Kh1 h5 24. Na2 Rfd8 25. Rxd4 cxd4 26. b3 Bg5 27. Nb4 a5 28. Nc2 e5 29. Ne1 Rd6 30. Nd3 Rg6 31. Qf2 Bc8 32. Qg3 Kh7 33. Qxe5 Qa7 34. f4 Bf6 35. Qxh5+ Rh6 36. Qxf7 Qxf7 37. Bxf7 Bb7 38. e5 Be7 39. Kg1 Be4 40. Nf2 Bf5 41. Rxd4 Bc5 42. Rd5 Be3 43. g4 Be4 44. Rd8 g5 45. Kf1 Bxf2 46. Kxf2 Rxh3 47. e6 gxf4 48. e7 Rh2+ 49. Ke1 Bc6 50. e8Q Bxe8 51. Rxe8 Kg7 52. Bc4 Kf6 53. Be2 Rh3 54. Rf8+ Ke5 55. Rf5+ Ke4 56. Kf2 Rh2+ 57. Ke1 Rh3 58. Bd1 Rh1+ 59. Kd2 Rh2+ 60. Kc3 Ke3 61. Rxa5 Rh1 62. Re5+ Kf2 63. Bc2 Kg3 64. g5 f3 65. g6 Rh8 66. Rg5+ Kf4 67. g7 Rc8+ 68. Kd2 0-1

[Event "Keres Memorial qual"]
[Site "Tallinn"]
[Date "2009.01.09"]
[Round "1"]
[White "Rausis, Igors"]
[Black "Rauk, Tonu"]
[Result "1-0"]
[WhiteElo "2501"]
[BlackElo "2230"]
[PlyCount "55"]
[EventDate "2009.01.09"]
[EventType "swiss (rapid)"]
[EventRounds "7"]
[EventCountry "EST"]
[SourceTitle "CBM 128 Extra"]
[Source "ChessBase"]
[SourceDate "2009.03.05"]
[SourceVersion "2"]
[SourceVersionDate "2009.03.25"]
[SourceQuality "1"]

1. Nf3 Nf6 2. d4 e6 3. g3 c5 4. Bg2 Nc6 5. 0-0 d5 6. c4 dxc4 7. Ne5 Nxe5 8. dxe5 Nd5 9. Na3 Bd7 10. Nxc4 Bc6 11. Bd2 Qc7 12. Na5 Bb5 13. Re1 b6 14. Qb3 Qd7 15. Nc4 Be7 16. a4 Bc6 17. Red1 Qb7 18. a5 Rd8 19. axb6 axb6 20. e4 Nb4 21. Bxb4 Rxd1+ 22. Qxd1 cxb4 23. Nd6+ Bxd6 24. Qxd6 Qd7 25. Qxb4 Qc7 26. Rc1 Qb7 27. Bf1 Bd7 28. Qd6 1-0

[Event "Saaremaa Cup"]
[Site "Saaremaa"]
[Date "2008.??.??"]
[Round "6"]
[White "Rauk, Tonu"]
[Black "Karner, Hillar"]
[Result "1/2-1/2"]
[WhiteElo "2230"]
[BlackElo "2274"]
[PlyCount "38"]
[EventDate "2008.05.16"]
[EventType "swiss"]
[EventRounds "7"]
[EventCountry "EST"]
[SourceTitle "EXT 2018"]
[Source "ChessBase"]
[SourceDate "2017.10.13"]
[SourceVersion "1"]
[SourceVersionDate "2017.10.13"]
[SourceQuality "1"]

1. d4 d6 2. e4 Nf6 3. Nc3 g6 4. Nf3 Bg7 5. h3 c6 6. a4 0-0 7. Be2 Qc7 8. 0-0 e5 9. dxe5 dxe5 10. Be3 Qe7 11. Nd2 Rd8 12. Qc1 Nbd7 13. Nb3 Nf8 14. a5 Ne6 15. Rd1 Rxd1+ 16. Bxd1 Qd8 17. Qd2 Qxd2 18. Nxd2 Nd4 19. Ne2 Ne6 1/2-1/2

[Event "Saaremaa Cup"]
[Site "Saaremaa"]
[Date "2008.??.??"]
[Round "4"]
[White "Truus, Tonu"]
[Black "Rauk, Tonu"]
[Result "1/2-1/2"]
[WhiteElo "2206"]
[BlackElo "2230"]
[PlyCount "90"]
[EventDate "2008.05.16"]
[EventType "swiss"]
[EventRounds "7"]
[EventCountry "EST"]
[SourceTitle "EXT 2018"]
[Source "ChessBase"]
[SourceDate "2017.10.13"]
[SourceVersion "1"]
[SourceVersionDate "2017.10.13"]
[SourceQuality "1"]

1. d4 Nf6 2. c4 e6 3. Nf3 b6 4. g3 Ba6 5. Qc2 Bb7 6. Bg2 Be7 7. Nc3 d5 8. 0-0 0-0 9. cxd5 exd5 10. Rd1 Re8 11. Bf4 c6 12. a3 a5 13. Ne5 Nfd7 14. e4 Nxe5 15. Bxe5 dxe4 16. Bxe4 g6 17. d5 Qc8 18. Bxb8 cxd5 19. Nxd5 Qxc2 20. Bxc2 Raxb8 21. Nxe7+ Rxe7 22. Rd2 Rbe8 23. f4 Re2 24. Rad1 R8e3 25. Bd3 Rxd2 26. Rxd2 Bc6 27. Kf2 Re7 28. Bc4 Rd7 29. Rxd7 Bxd7 30. Ke3 Kf8 31. Kd4 Ke7 32. Be2 Bc6 33. g4 h6 34. g5 hxg5 35. fxg5 f6 36. h4 fxg5 37. hxg5 Kd6 38. Bc4 Be8 39. Bd5 Ba4 40. b3 Bd7 41. Be4 Be8 42. Bd3 Bf7 43. b4 axb4 44. axb4 Be8 45. Be4 Bf7 1/2-1/2

[Event "EST-chT 21st"]
[Site "Tallinn"]
[Date "2006.03.24"]
[Round "4"]
[White "Rauk, Tonu"]
[Black "Krupenski, Juri"]
[Result "0-1"]
[WhiteElo "2200"]
[BlackElo "2290"]
[PlyCount "36"]
[EventDate "2006.03.23"]
[EventType "team"]
[EventRounds "7"]
[EventCountry "EST"]
[SourceTitle "EXT 2007"]
[Source "ChessBase"]
[SourceDate "2006.11.23"]
[SourceVersion "1"]
[SourceVersionDate "2006.11.23"]
[SourceQuality "1"]
[WhiteTeam "Kadrioru MK"]
[BlackTeam "Vabaettur"]
[WhiteTeamCountry "EST"]
[BlackTeamCountry "EST"]

1. d4 f5 2. e4 fxe4 3. Nc3 Nf6 4. Bg5 c6 5. Qd2 d5 6. f3 Bf5 7. 0-0-0 Nbd7 8. g4 Bg6 9. Bxf6 exf6 10. fxe4 dxe4 11. Nxe4 Qc7 12. Bg2 0-0-0 13. Ne2 Nc5 14. Nxc5 Bxc5 15. Qc3 Rhe8 16. Bf3 Bd6 17. h3 Bf4+ 18. Kb1 Re3 0-1